South Eastern Kenya University

Library Online Public Access Catalogue


My dear, dear stagger grass : (Record no. 10466)

MARC details
000 -LEADER
fixed length control field 00740cam a2200265 i 4500
001 - CONTROL NUMBER
control field 17787511
003 - CONTROL NUMBER IDENTIFIER
control field OSt
005 - DATE AND TIME OF LATEST TRANSACTION
control field 20160205105004.0
008 - FIXED-LENGTH DATA ELEMENTS--GENERAL INFORMATION
fixed length control field 130621s2013 cau 000 0 eng
010 ## - LIBRARY OF CONGRESS CONTROL NUMBER
LC control number 2013943553
020 ## - INTERNATIONAL STANDARD BOOK NUMBER
International Standard Book Number 9781930781351 (pbk. : alk. paper)
040 ## - CATALOGING SOURCE
Original cataloging agency SEKU
042 ## - AUTHENTICATION CODE
Authentication code pcc
050 00 - LIBRARY OF CONGRESS CALL NUMBER
Classification number PS 3613
Item number .E9 A6
082 00 - DEWEY DECIMAL CLASSIFICATION NUMBER
Classification number 811/.54
Edition number 23
100 1# - MAIN ENTRY--PERSONAL NAME
Personal name Meyers, Susan,
Dates associated with a name 1945-
240 10 - UNIFORM TITLE
Uniform title <a href="Poems.">Poems.</a>
Form subheading Selections
245 10 - TITLE STATEMENT
Title My dear, dear stagger grass :
Remainder of title poems /
Statement of responsibility, etc. Susan Laughter Meyers.
260 ## - PUBLICATION, DISTRIBUTION, ETC. (IMPRINT)
Place of publication, distribution, etc. San Diego, CA :
Name of publisher, distributor, etc. Cider Press Review,
Date of publication, distribution, etc. c2013.
300 ## - PHYSICAL DESCRIPTION
Extent 73 p.
504 ## - BIBLIOGRAPHY, ETC. NOTE
Bibliography, etc Includes bibl. refs.
650 ## - SUBJECT ADDED ENTRY--TOPICAL TERM
Source of heading or term American poetry
942 ## - ADDED ENTRY ELEMENTS (KOHA)
Source of classification or shelving scheme Library of Congress Classification
Koha item type General circulation
Holdings
Withdrawn status Lost status Source of classification or shelving scheme Damaged status Not for loan Home library Current library Shelving location Date acquired Source of acquisition Total Checkouts Full call number Barcode Date last seen Price effective from Koha item type Public note
    Library of Congress Classification     Mtito Andei Centre Library Mtito Andei Centre Library General Stacks 05/02/2016 Donation-Books for Africa   PS 3613 .E9 A6 2015/008043 05/02/2016 05/02/2016 General circulation JCL
Kitui, Kenya.
+254736116989
library@seku.ac.ke